| 000 | 00913nam a22002297a 4500 | ||
|---|---|---|---|
| 003 | AM-YEHGA | ||
| 005 | 20250617164818.0 | ||
| 008 | 220405s1962 ru ad|||r|||||001|0|rus|| | ||
| 040 | _aAM-YeHGA | ||
| 041 | 0 | _arus | |
| 245 | 0 | 0 |
_aПрограммирование для электронной вычислительной машины "Урал-1" / _cЕ.Т. Гавриленко, Н.М. Конопля, Б.В. Коробов, Г.Л. Лившин. |
| 260 |
_aМосква : _bМашгиз, _c1962. |
||
| 300 |
_a296 с., _bил. |
||
| 653 | 0 | _aСчетные машины и приборы, вычислительные, электронные - Программирование | |
| 700 | 1 | _aГавриленко, Е.Т. | |
| 700 | 1 | _aКонопля, Н.М. | |
| 700 | 1 | _aКоробов, Б.В. | |
| 700 | 1 | _aЛившин, Г.Л. | |
| 942 |
_2udc _cBK |
||
| 001 | 1827449 | ||
| 090 | _c568416 | ||
| 999 |
_c529929 _d529929 |
||